000 00651nam a2200277Ia 4500
005 20260324111304.0
008 008 260324s9999 xx 000 0 eng d
020 _a9781003605706
037 _aEBOOK
040 _aCRL
040 _beng
040 _cCRL
041 _2eng
041 _aeng
084 _qCRL
100 _aAleksandar Stamatov
_91137937
245 0 _aDialogues with Classical Chinese Philosophy
260 _bTaylor and Francis
260 _c2025
365 _a
365 _b230
856 _uhttp://www.taylorfrancis.com/books/9781003605706
942 _cEBOOK
999 _c1726709
_d1726709